000 00683nam a2200289Ia 4500
005 20260324120045.0
008 008 260324s9999 xx 000 0 eng d
020 _a9780429472374
037 _aEBOOK
040 _aCRL
040 _beng
040 _cCRL
041 _2eng
041 _aeng
084 _qCRL
100 _aRonald Britton
_91157065
245 0 _aBetween Mind and Brain
245 0 _bModels of the Mind and Models in the Mind
260 _bTaylor and Francis
260 _c2015
365 _a
365 _b220
856 _uhttp://www.taylorfrancis.com/books/9780429472374
942 _cEBOOK
999 _c1748373
_d1748373